书目信息 |
| 题名: |
中学历史教学法
|
|
| 作者: | 李可琛 编 | |
| 分册: | ||
| 出版信息: | 广州 广东人民出版社 1981.12 |
|
| 页数: | 192页 | |
| 开本: | 19cm | |
| 丛书名: | 中学教学法丛书 | |
| 单 册: | ||
| 中图分类: | G633.51 | |
| 科图分类: | ||
| 主题词: | 教育--各级 | |
| 电子资源: | ||
| ISBN: | ||
| 000 | 00599nam0 2200217 45 | |
| 001 | 0405080936 | |
| 005 | 20070731100424.32 | |
| 010 | @dCNY0.48 | |
| 091 | @a7111.1150 | |
| 100 | @a20040508d1981 km y0chiy0120 ea | |
| 101 | 0 | @achi |
| 200 | 1 | @a中学历史教学法@AZhong Xue Li Shi Jiao Xue Fa@f李可琛等编@Fli ke chen deng bian |
| 210 | @a广州@c广东人民出版社@d1981.12 | |
| 215 | @a192页@d19cm | |
| 225 | 2 | @a中学教学法丛书 |
| 410 | 0 | @12001 @a中学教学法丛书 |
| 606 | 0 | @a教育@x各级 |
| 690 | @aG633.51@v3 | |
| 701 | 0 | @a李可琛@Ali ke chen@4编 |
| 801 | @aCN@bPftUser@c20070731 | |
| 905 | @dG633.51@e10 | |
| 中学历史教学法/李可琛等编.-广州:广东人民出版社,1981.12 |
| 192页;19cm.-(中学教学法丛书) |
| ISBN :CNY0.48 |
| ● |
| 相关链接 |
|
|
|
|
正题名:中学历史教学法
索取号:G633.51/10
 
预约/预借
| 序号 | 登录号 | 条形码 | 馆藏地/架位号 | 状态 | 备注 |
| 1 | 0070645 | 202252597 | 密集书库/ [索取号:G633.51/10] | 在馆 | |
| 2 | 0070646 | 202321889 | 密集书库/ [索取号:G633.51/10] | 在馆 | |
| 3 | 0070647 | 000254995 | 密集书库/ [索取号:G633.51/10] | 在馆 | |
| 4 | 0070648 | 000254931 | 密集书库/ [索取号:G633.51/10] | 在馆 | |
| 5 | 0070649 | 000255002 | 第一样本阅览室/ [索取号:G633.51/10] | 在馆 | |
| 6 | 0425547 | 204255475 | 密集书库/ [索取号:G633.51/10] | 在馆 | |
| 7 | 0425548 | 204255484 | 密集书库/ [索取号:G633.51/10] | 在馆 | |
| 8 | 0425549 | 204255493 | 密集书库/ [索取号:G633.51/10] | 在馆 | |
| 9 | 0425550 | 204255509 | 密集书库/ [索取号:G633.51/10] | 在馆 | |
| 10 | 0425551 | 204255518 | 密集书库/ [索取号:G633.51/10] | 在馆 | |
| 11 | 0440784 | 204407846 | 密集书库/ [索取号:G633.51/10] | 在馆 | |
| 12 | 0446757 | 204467576 | 密集书库/ [索取号:G633.51/10] | 在馆 | |
| 13 | 0786851 | 207868510 | 密集书库/ [索取号:G633.51/10] | 在馆 |